| 000 | 00718nam a22002177a 4500 | ||
|---|---|---|---|
| 003 | UA-OsUOA | ||
| 001 | 39861 | ||
| 007 | ta | ||
| 008 | 20060704b un ||||| |||| 00| 0 ukr d | ||
| 100 | _aБондар О. | ||
| 090 |
_a94(477) _bБ11 |
||
| 942 | _cSA | ||
| 040 |
_aUA-OsUOA _bukr _cUA-OsUOA _dUA-OsUOA |
||
| 245 | _aСкарб Товстої могили побачив уві сні. 21 червня виповнюється 35 років з дня, коли було знайдено знамениту скіфську пектораль | ||
| 300 | _aС.20 | ||
| 955 | _a0 | ||
| 041 | _aukr | ||
| 080 | _a94(477) | ||
| 773 | 0 | _w39860 | |
| 650 | 7 |
_a9 Географія. Біографії. Історія _2UDC |
|
| 999 |
_c326002 _d326002 |
||